00968nam a22002177a 4500003000400000005001700004008004100021020001800062040002100080041000800101082002600109100003900135245007900174260003600253300008800289490004400377500005600421505021100477650003200688650003000720OSt20210218111654.0210218s2017 ck ao||gr|||| 00| 0 spa d a9789587532418 aCP-JMCRcCP-JMCR0 aspa04a709.861 / bG516i2231 aGiraldo Escobar, Sol Astrideautor13aLa imagen ardiente : bClemencia Echeverry / cSol Astrid Giraldo Escobar  aColombia : bMincultura, c2017 a287 páginas : bilustraciones y fotografías a color y blanco y negro ; c24 cm. aColección artistas colombianos ; v13 aDatos biográficos de la autora en solapa frontal.0 aUna historia antes de la historia -- El mundo a través de una metáfora -- Las casas políticas -- Bestiarios políticos -- Para terminar, algunas ideas inconclusas -- Entrevista a Clemencia Echeverri 24aHistoria del arteySiglo XX24aArte colombianoySiglo XX